Państwa z najwyższymi piramidami - Statystyki

Ogólne statystyki
  • Ten quiz został rozwiązany 30 razy
  • Średni wynik to 11 z 13
Statystyki odpowiedzi
Wysokość Odpowiedź % Poprawnych
138.5 Egipt
100%
136.4 Egipt
100%
105 Egipt
100%
104.71 Egipt
100%
65 Egipt
100%
65 Egipt
100%
62.5 Egipt
100%
74 Meksyk
79%
66 Meksyk
79%
65.5 Meksyk
79%
107 Stany Zjednoczone
54%
98 Stany Zjednoczone
54%
72 Gwatemala
25%
Nie znaleziono quizów pasujących do podanych kryteriów
Rozkład punktacji
Procent ludzi z każdym wynikiem
Percentyl według liczby udzielonych odpowiedzi
Twoja historia wyników
Nie rozwiązałeś tego quizu